[Event "GER Cup Net Final-A U2400"]
[Site "Playchess.com INT"]
[Date "2020.06.06"]
[Round "9"]
[White "Marcziter, Dmitrii"]
[Black "Sohlmann, Jan Henning"]
[Result "1-0"]
[WhiteElo "2043"]
[BlackElo "2113"]
[PlyCount "53"]
[EventDate "2020.06.06"]
[EventType "swiss (blitz)"]
[EventRounds "13"]
[EventCountry "GER"]
[SourceTitle "CBM 197 Extra"]
[Source "ChessBase"]
[SourceDate "2020.09.30"]
[SourceVersion "1"]
[SourceVersionDate "2020.09.30"]
[SourceQuality "1"]

1. e4 e6 2. d4 d5 3. e5 c5 4. dxc5 Bxc5 5. Bd3 Nc6 6. Nf3 Nge7 7. Bf4 Bd7 8. 0-0 a6 9. c4 Nb4 10. Be2 dxc4 11. Bxc4 Bb5 12. Bxb5+ axb5 13. Nc3 Qb6 14. a3 Nbc6 15. b4 Bd4 16. Nxd4 Nxd4 17. Be3 Nec6 18. Qg4 0-0 19. Rfd1 Rfd8 20. Qe4 Rd7 21. Kf1 Rad8 22. Ne2 Qa7 23. Nxd4 Nxd4 24. Rd3 f6 25. Rad1 fxe5 26. Qxe5 Qb6 27. Rxd4 1-0

[Event "GER Cup Net Final-A U2400"]
[Site "Playchess.com INT"]
[Date "2020.06.06"]
[Round "3"]
[White "Meissner, Felix"]
[Black "Sohlmann, Jan Henning"]
[Result "1-0"]
[WhiteElo "2291"]
[BlackElo "2113"]
[PlyCount "65"]
[EventDate "2020.06.06"]
[EventType "swiss (blitz)"]
[EventRounds "13"]
[EventCountry "GER"]
[SourceTitle "CBM 197 Extra"]
[Source "ChessBase"]
[SourceDate "2020.09.30"]
[SourceVersion "1"]
[SourceVersionDate "2020.09.30"]
[SourceQuality "1"]

1. e4 e6 2. d4 d5 3. exd5 exd5 4. Bd3 c6 5. Nf3 Bd6 6. 0-0 Bg4 7. Re1+ Ne7 8. Nbd2 Nd7 9. Nf1 Nf6 10. Ne3 Bd7 11. Ne5 0-0 12. Nxd7 Qxd7 13. Qf3 Rfe8 14. Bd2 a5 15. g3 a4 16. Nf5 Nxf5 17. Bxf5 Qc7 18. Bg5 Nd7 19. Qg4 Nf8 20. Bd3 Kh8 21. Kg2 Qd7 22. Qh5 Rxe1 23. Rxe1 Re8 24. Rxe8 Qxe8 25. c3 Qe6 26. Bd2 b6 27. a3 c5 28. dxc5 bxc5 29. Qf3 Ng6 30. Bf5 Qe5 31. Bc2 h5 32. Qxf7 Ne7 33. Bf4 1-0

[Event "GER Cup Net V2 U2400"]
[Site "Playchess.com INT"]
[Date "2020.05.22"]
[Round "3"]
[White "Tiarks, Jann Christian"]
[Black "Sohlmann, Jan Henning"]
[Result "0-1"]
[WhiteElo "2070"]
[BlackElo "1919"]
[PlyCount "111"]
[EventDate "2020.05.22"]
[EventType "swiss (blitz)"]
[EventRounds "9"]
[EventCountry "GER"]
[SourceTitle "EXT 2021"]
[Source "ChessBase"]
[SourceDate "2020.10.23"]
[SourceVersion "1"]
[SourceVersionDate "2020.10.23"]
[SourceQuality "1"]

1. e4 c5 2. Nc3 g6 3. g3 Bg7 4. Bg2 Nc6 5. Nge2 d6 6. d3 e6 7. Be3 Nge7 8. Qd2 h6 9. 0-0-0 Rb8 10. d4 cxd4 11. Nxd4 a6 12. Nde2 Ne5 13. b3 Ng4 14. Bd4 e5 15. Ba7 Ra8 16. Be3 Nxe3 17. Qxe3 0-0 18. Kb1 Be6 19. Rd3 Qc7 20. Rhd1 Rfd8 21. h3 Rac8 22. Qd2 Nc6 23. Rxd6 Nd4 24. Rxd8+ Rxd8 25. Nd5 Bxd5 26. exd5 Nxe2 27. Qxe2 e4 28. Qc4 Qe5 29. c3 b5 30. Qc5 Kh7 31. Rc1 Rd7 32. Qd4 Qxd4 33. cxd4 Bxd4 34. Bxe4 Bxf2 35. Rc6 Bxg3 36. Rxa6 f5 37. Bf3 g5 38. Rb6 Bd6 39. Rxb5 Kg6 40. a4 h5 41. a5 g4 42. hxg4 fxg4 43. Bg2 h4 44. Rb8 h3 45. Be4+ Kf6 46. Rg8 Rg7 47. Rd8 Ke5 48. Bh1 g3 49. Re8+ Kd4 50. Re4+ Kc5 51. Re1 g2 52. Bxg2 hxg2 53. Rg1 Kxd5 54. Kc2 Bh2 55. Rd1+ Kc5 56. Kd3 0-1

[Event "Ruhrgebiet Regionalliga 1819"]
[Site "Nordrheinwestfalen"]
[Date "2018.09.30"]
[Round "2.2"]
[White "Wittenberg, Andreas"]
[Black "Sohlmann, Jan Henning"]
[Result "1-0"]
[WhiteElo "2171"]
[BlackElo "2185"]
[PlyCount "109"]
[EventDate "2018.09.02"]
[EventType "team-tourn"]
[EventRounds "11"]
[EventCountry "GER"]
[SourceTitle "EXT 2022"]
[Source "ChessBase"]
[SourceDate "2021.10.06"]
[SourceVersion "1"]
[SourceVersionDate "2021.10.06"]
[SourceQuality "1"]
[WhiteTeam "Muelheim Nord III"]
[BlackTeam "Welper SV"]
[WhiteTeamCountry "GER"]
[BlackTeamCountry "GER"]

1. d4 Nf6 2. Nf3 d6 3. g3 g6 4. Bg2 Bg7 5. b3 c5 6. Bb2 cxd4 7. Nxd4 d5 8. c4 dxc4 9. bxc4 0-0 10. 0-0 Nbd7 11. Nd2 Nc5 12. Qc2 Bd7 13. N2b3 Ba4 14. Rfd1 Qb6 15. Rab1 e5 16. Nb5 Nxb3 17. Rd6 Nc5 18. Qc1 Nd3 19. exd3 Qc5 20. d4 exd4 21. Bxd4 Qf5 22. Rb4 Ng4 23. Rd5 Qc2 24. Qxc2 Bxc2 25. Bxg7 Kxg7 26. Nc7 Rab8 27. Rd7 Bf5 28. Re7 b6 29. h3 Nf6 30. g4 Bc8 31. c5 Ng8 32. Re8 Bd7 33. Rxb8 Rxb8 34. c6 Bxc6 35. Bxc6 Rc8 36. Ne8+ Kf8 37. Ba4 Rxe8 38. Bxe8 Kxe8 39. Ra4 a5 40. Rd4 Ke7 41. g5 Ke6 42. Re4+ Kd6 43. Rf4 Ke6 44. Rf3 b5 45. Kf1 b4 46. Ke2 f5 47. Re3+ Kd6 48. Kd3 Ne7 49. Kc4 Nc6 50. f4 a4 51. Rd3+ Ke6 52. Kb5 Ne7 53. Re3+ Kd6 54. Rxe7 Kxe7 55. Kxa4 1-0

[Event "Ruhrgebiet Regionalliga 1617"]
[Site "Germany"]
[Date "2017.03.19"]
[Round "8.2"]
[White "Ganzer, Uwe"]
[Black "Sohlmann, Jan Henning"]
[Result "0-1"]
[WhiteElo "2154"]
[BlackElo "2196"]
[PlyCount "70"]
[EventDate "2016.09.11"]
[EventType "team-tourn"]
[EventRounds "9"]
[EventCountry "GER"]
[SourceTitle "EXT 2022"]
[Source "ChessBase"]
[SourceDate "2021.10.06"]
[SourceVersion "1"]
[SourceVersionDate "2021.10.06"]
[SourceQuality "1"]
[WhiteTeam "Dortmund SV"]
[BlackTeam "Welper SV"]
[WhiteTeamCountry "GER"]
[BlackTeamCountry "GER"]

1. e4 c5 2. Nf3 d6 3. d4 cxd4 4. Nxd4 Nf6 5. Nc3 a6 6. Bc4 e6 7. Be3 Qc7 8. Qe2 Nbd7 9. 0-0-0 Nc5 10. f3 b5 11. Bb3 Be7 12. g4 Bb7 13. g5 Nfd7 14. a3 Nxb3+ 15. Nxb3 Ne5 16. h4 Nc4 17. Rd3 Nxe3 18. Qxe3 Rc8 19. Kb1 0-0 20. Nd4 g6 21. h5 Qc5 22. hxg6 hxg6 23. f4 Kg7 24. Rh7+ Kxh7 25. Qh3+ Kg8 26. Nd5 Bxd5 27. Qh6 Bxg5 28. fxg5 Ba2+ 29. Kxa2 Qe5 30. Rh3 Qg7 31. Qh4 Rc4 32. c3 Rfc8 33. Qg3 Rxd4 34. cxd4 Qxd4 35. Qh4 Rc2 0-1

[Event "Ruhrgebiet Regionalliga 1516"]
[Site "Germany"]
[Date "2016.01.17"]
[Round "5.1"]
[White "Sohlmann, Jan Henning"]
[Black "Hassenrueck, Helmut"]
[Result "1-0"]
[WhiteElo "2180"]
[BlackElo "2178"]
[PlyCount "61"]
[EventDate "2015.09.13"]
[EventType "team-tourn"]
[EventRounds "9"]
[EventCountry "GER"]
[SourceTitle "EXT 2022"]
[Source "ChessBase"]
[SourceDate "2021.10.06"]
[SourceVersion "1"]
[SourceVersionDate "2021.10.06"]
[SourceQuality "1"]
[WhiteTeam "Welper SV"]
[BlackTeam "Gladbeck SG"]
[WhiteTeamCountry "GER"]
[BlackTeamCountry "GER"]

1. e4 e5 2. Nf3 Nc6 3. c3 d5 4. Qa4 f6 5. d3 Nge7 6. Nbd2 Be6 7. Be2 Ng6 8. g3 Qd7 9. b4 Be7 10. h4 h5 11. b5 Nd8 12. 0-0 Bh3 13. Re1 Nf4 14. d4 Nxe2+ 15. Rxe2 Ne6 16. exd5 Nf4 17. Re1 Nxd5 18. dxe5 0-0 19. Ne4 fxe5 20. Nfg5 Qf5 21. Nxh3 Qxh3 22. Qd1 Rad8 23. Qxh5 Rxf2 24. Kxf2 Qh2+ 25. Kf3 Rf8+ 26. Kg4 Bd6 27. Qg6 Rf6 28. Qe8+ Bf8 29. Bg5 Rb6 30. Rad1 c6 31. Rd2 1-0

[Event "Ruhrgebiet Verbandsliga1 1213"]
[Site "Nordrheinwestfalen"]
[Date "2013.02.24"]
[Round "7.1"]
[White "Sohlmann, Jan Henning"]
[Black "Kuerschners, Stefan"]
[Result "1/2-1/2"]
[WhiteElo "2151"]
[BlackElo "1969"]
[PlyCount "74"]
[EventDate "2012.09.02"]
[EventType "team-tourn"]
[EventRounds "9"]
[EventCountry "GER"]
[SourceTitle "EXT 2020"]
[Source "ChessBase"]
[SourceDate "2019.10.17"]
[SourceVersion "1"]
[SourceVersionDate "2019.10.17"]
[SourceQuality "1"]
[WhiteTeam "Welper SV"]
[BlackTeam "Oberhausen SV III"]
[WhiteTeamCountry "GER"]
[BlackTeamCountry "GER"]

1. e4 c5 2. Nf3 e6 3. d3 Nc6 4. g3 g6 5. Bg5 f6 6. Bd2 Nh6 7. Bg2 Bg7 8. 0-0 d6 9. c3 Nf7 10. d4 Qb6 11. Na3 cxd4 12. cxd4 Nxd4 13. Nxd4 Qxd4 14. Nb5 Qb6 15. a4 a6 16. Be3 Qd8 17. Nd4 0-0 18. Qb3 Qe7 19. a5 e5 20. Ne2 Be6 21. Qb4 Rfc8 22. Nc3 Rc4 23. Qa3 Rac8 24. Rfd1 Bf8 25. Bf1 R4c6 26. Nd5 Bxd5 27. Rxd5 Bh6 28. Bxh6 Nxh6 29. Rad1 Nf7 30. b3 Kg7 31. Bc4 Rd8 32. R5d3 Ng5 33. Bd5 Rc7 34. Qb4 Rcd7 35. Qc4 Rc7 36. Qb4 Rcd7 37. Qc4 Rc7 1/2-1/2